Andrej Plávka 1907-1977 zborník na 70. narodeniny národného umelca Andreja Plávku

Bibliographic Details
Other Authors: Rosenbaum, Karol, 1920-2001 (Compiler)
Format: Book
Language:Slovak
PhysicalDescription:272 s. fotogr. 20 cm
Published: Martin Matica slovenská 1977
Edition:1. vyd.
Series:Teória a výskum Monografie
Subjects:

MARC

LEADER 00000cam a2200000 a 4500
001 vtls001106675
003 SK-MaSNL
005 20260504130206.0
008 250414s1977 xo o grn 1 0m slo
015 |a SNBA1977/05 
020 |q (brož.) 
035 |a SNK000049517 
040 |a SNK  |b slo  |c SNK  |e AACR2 
041 0 |a slo 
044 |a xo  |c SK 
072 7 |a 821.162.4.09   |x Slovenská literatúra (o nej)   |2 konspekt 
072 7 |a 821.162.4-1   |x Slovenská poézia  |2 konspekt 
080 |a 82:92:885.4(08)  |2 1981 
080 |a 92  |2 1981 
080 |a 885.4(08)  |2 1981 
080 |a 885.4  |2 1981 
080 |a 92(08)  |2 1981 
080 |a 92 Plávka, Andrej (08)  |2 1981 
080 |a 885.4-1  |2 1981 
245 0 0 |a Andrej Plávka 1907-1977  |b zborník na 70. narodeniny národného umelca Andreja Plávku  |c [zostavil Karol Rosenbaum] 
250 |a 1. vyd. 
260 |a Martin  |b Matica slovenská  |c 1977 
300 |a 272 s.  |b fotogr.  |c 20 cm 
366 |e 1500 kusov 
490 1 |a Teória a výskum. Monografie 
500 |a Edičná poznámka 
504 |a Obsahuje bibliografické odkazy 
600 1 7 |a Plávka, Andrej,  |d 1907-1982  |2 SNKMA  |9 184132 
650 0 7 |a slovenskí spisovatelia  |2 SNKPH  |9 1258 
655 7 |a slovenská poézia  |2 SNKPH  |9 70444 
655 7 |a lyrická poézia  |2 SNKPH  |9 70613 
655 7 |a jubilejné publikácie  |2 SNKPH  |9 70339 
655 7 |a zborníky  |2 SNKPH  |9 70165 
700 1 |a Rosenbaum, Karol,  |d 1920-2001  |4 com  |9 103255 
830 0 |a Teória a výskum  |p Monografie  |9 277431 
850 |a Slovenská národná knižnica 
852 |a Slovenská národná knižnica 
954 |a beletria pôvodná (slovenská)  |2 lita 
954 |a odborná, vedecká literatúra pôvodná (slovenská)  |2 lita 
958 |a RK 
958 |a TL 
958 |a LX 
958 |a NB 
958 |a OND 
958 |a ZB 
999 |c 965049  |d 966979 
952 |a SNK  |b SNK  |y VYP  |7 0  |p 17A0607572  |o snkSC 42570 D3  |i snkD 18/78  |8 1  |0 0  |1 0  |4 0  |d 2009-02-19  |l 0  |r 2026-02-24 10:34:07  |w 2026-02-24 
952 |t P60, <04>, [BOOK], {604}  |a SNK  |b SNK  |y VYP  |7 0  |p 17A0107265  |o snkSC 42570 D1  |0 0  |1 0  |4 0  |d 1997-11-11  |l 0  |r 2004-12-31 00:00:00  |w 2026-02-24 
952 |t P60, <04>, [BOOK], {604}  |a SNK  |b SNK  |y VYP  |7 0  |p 17A0333298  |o snkSC 42570 D2  |0 0  |1 0  |4 0  |d 2002-02-18  |l 0  |r 2004-12-31 00:00:00  |w 2026-02-24 
952 |a SNK  |b SNK  |y PREZ  |7 0  |p 17A1003592  |o snkSC 42570   |0 0  |1 0  |4 0  |d 2013-08-20  |l 0  |r 2025-10-21 00:00:00  |w 2026-02-24